000 04607naa a2200481 4500
005 20101110151514.0
010 _aB-413889-911
020 _a9788183333061
_c120.00
035 _aB-413889-911
037 _bBPB Publications
082 _a004
100 _aNadhani, Asok K.
_91119
245 _aInformation technology:
_cby Asok K. Nadhani
_bCA-professional competence...course (IPCC) /
260 _aNew Delhi
_bBPB Publications
_c2009
270 _aB-14, Cannught Place,
_bNew Delhi
_e110001
300 _a156p.
_c25cm(pbk)
500 _aIncludes index
942 _adpl
_cEN
_2ddc
_mNAD
_h004
999 _c35694
_d35694